000 00370nam a22001577a 4500
999 _c6684
_d6682
005 20210901115915.0
008 200530b xxu||||| |||| 00| 0 eng d
041 _aeng
082 _a340
100 _aBARE ACT
_95744
245 _aTHE TRADE UNIONS ACT , 1926
260 _aDELHI
_bPROFESSIONALS BOOK PUBLISHERS
300 _a36;p
650 _aLAW
_95701
942 _cBK